| 000 | 00709nam a2200253 a 4500 | ||
|---|---|---|---|
| 001 | BRCA_5093 | ||
| 005 | 20190320204933.0 | ||
| 008 | 720121s1959 nyua######---#000-0#eng-# | ||
| 041 | _aeng | ||
| 044 | _anyu | ||
| 050 | 4 |
_aD756 _b.R93 2 _c1959 |
|
| 100 | 1 |
_aRyan, Cornelius _911055 |
|
| 245 | 1 | 0 |
_aThe Longest Day _cCornelius Ryan. |
| 260 |
_aNueva York _bFawcett _c1959 |
||
| 300 |
_a288 p. _bil. _c18 cm. |
||
| 500 | _aEdición con cantos entintados | ||
| 500 | _aVer también CEF92 | ||
| 500 | _aDD45 | ||
| 504 | _aBibliografía: p. 276-280 | ||
| 650 | 1 | 4 |
_aGuerra Mundial, 1939-1945 _xCampañas _zFrancia _912987 |
| 651 | 4 |
_aNormandía (Francia) _xHistoria _912988 |
|
| 902 | _aGFM | ||
| 942 |
_2lcc _cB |
||
| 999 |
_c4787 _d4787 |
||